Statistiques concernant Pays les plus proches du Burkina Faso

Cliquez ici pour prendre le quiz!

Statistiques générales

  • Ce quiz a été pris 80 fois
  • Le résultat moyen est 18 sur 20

Statistiques - réponses

kmpays% Correct
0Mali
99%
0Togo
99%
0Ghana
97%
658Sénégal
97%
0Côte d'Ivoire
96%
277Mauritanie
96%
0Niger
96%
1237Tchad
96%
1296Sahara occidental
(Maroc)
95%
613Algérie
93%
267Guinée
93%
0Bénin
92%
900Guinée-Bissau
92%
450Liberia
92%
129Nigeria
92%
940Gambie
89%
566Sierra Leone
89%
973Cameroun
88%
1124Guinée équatoriale
72%
1235Sao Tomé-et-Principe
70%

Distribution des résultats

Percentile par nombre de réponses

% des personnes avec chaque résultat

Votre développement - résultats

Vous n’avez pas pris ce quiz